Our business and economic world (Record no. 2290)
[ view plain ]
| 000 -LEADER | |
|---|---|
| fixed length control field | 02541nam a22002297a 4500 |
| 020 ## - INTERNATIONAL STANDARD BOOK NUMBER | |
| ISBN | 0395390591 |
| 020 ## - INTERNATIONAL STANDARD BOOK NUMBER | |
| ISBN | 9780395390597 |
| 050 ## - CALL NUMBER | |
| Classification number | HF5001 |
| Item number | .B81 |
| 100 ## - AUTHOR | |
| Personal name | B J Brown; |
| 110 ## - AUTHOR | |
| CORPORATE AUTHOR | John E Clow |
| 245 ## - TITLE | |
| Title | Our business and economic world |
| Statement of responsibility, etc | B J Brown; John E Clow |
| 250 ## - EDITION | |
| Edition statement | 2nd ed. |
| 260 ## - PUBLICATION INFORMATION | |
| Place of publication | Lake Forest, Ill. : |
| Name of publisher | Glencoe, |
| Year of publication | 1989 |
| 300 ## - DESCRIPTION | |
| Number of Pages | x, 662 pages : |
| Other physical details | illus., |
| Dimensions | 23 cm |
| 500 ## - NOTES | |
| General note | Includes Index |
| 505 ## - FORMATTED CONTENTS NOTE | |
| Table of Content | UNIT ONE: MANAGING YOUR RESOURCES<br/>Chapter 1: Unlimited Wants, Limited Resources<br/>Chapter 2: How to Make Decisions<br/>Chapter 3: Using Time Wisely<br/>Chapter 4: Managing Your Money<br/><br/>UNIT TWO: ECONOMIC SYSTEMS<br/>Chapter 5: How Economic Systems Work<br/>Chapter 6: Our Private Enterprise System<br/>Chapter 7: How the Market Works in Our Economy<br/>Chapter 8: Evaluating Our Economic System<br/><br/>UNIT THREE: DOING BUSINESS IN A PRIVATE ENTERPRISE ECONOMY<br/>Chapter 9: How Businesses Function<br/>Chapter 10: How Businesses are Organized<br/>Chapter 11: How Computers Affect Our Lives<br/>Chapter 12: The Legal Environment for Business<br/>Chapter 13: World Trade and Competition<br/><br/>UNIT FOUR: MAKING CONSUMER DECISIONS<br/>Chapter 14: The Consumer in our Economy<br/>Chapter 15: The Wise Shopper<br/>Chapter 16: The Informed Consumer<br/>Chapter 17: Protecting Your Consumer Rights<br/><br/>UNIT FIVE: GOVERNMENT AND LABOR IN A PRIVATE ENTERPRISE SYSTEM<br/>Chapter 18: Government and Business in Our Economy<br/>Chapter 19: Government Spending<br/>Chapter 20: The Taxes we Pay<br/>Chapter 21: Organized Labor in our Economy<br/><br/>UNIT SIX: CHOOSING A CAREER<br/>Chapter 22: Our Working World<br/>Chapter 23: Selecting a Career<br/>Chapter 24: Finding that Job<br/><br/>UNIT SEVEN: MONEY AND BANKING<br/>Chapter 25: All About Money<br/>Chapter 26: Banks and Banking<br/>Chapter 27: The Checking Account<br/>Chapter 28: Using Your Checking Account<br/>Chapter 29: Other Forms of Payment<br/><br/>UNIT EIGHT: USING CREDIT WISELY<br/>Chapter 30: Credit: A Promise to Pay<br/>Chapter 31: Buying On Time <br/>Chapter 32: Buying the Big Item <br/>Chapter 33: Credit and the Law<br/><br/>UNIT NINE: SAVING AND INVESTING<br/>Chapter 34: Putting Your Money to Work<br/>Chapter 35: Your Savings Account<br/>Chapter 36: Investing in Stocks and Bonds<br/>Chapter 37: real Estates and other Investments<br/><br/>UNIT TEN: INSURING AGAINST LOSS<br/>Chapter 38: Buying Protction<br/>Chapter 39: Automobile Insurance<br/>Chapter 40: Real Estate and Personal Property Insurance<br/>Chapter 41: Protecting Your Income |
| 650 ## - SUBJECTS | |
| Topical Term | Economics. |
| 650 ## - SUBJECTS | |
| Topical Term | Managerial economics. |
| 700 ## - OTHER AUTHORS | |
| Personal name | Betty J. Brown, |
| 710 ## - OTHER AUTHORS | |
| OTHER AUTHORS | John E. Clow. |
| 942 ## - ADDED ENTRY ELEMENTS (KOHA) | |
| Koha item type | Books |
| Withdrawn status | Lost status | Home library | Current library | Shelving location | Date acquired | Full call number | Accession Number | Koha item type |
|---|---|---|---|---|---|---|---|---|
| Methodist University Library Main | Methodist University Library Main | General Stacks | 30/12/1999 | HF5001 | 25935 | Books | ||
| Methodist University Library Tema | Methodist University Library Tema | General Stacks | 07/12/1999 | HF5001 | 25934 | Books | ||
| Methodist University Library Tema | Methodist University Library Tema | General Stacks | 07/12/1999 | HF5001 | 25936 | Books | ||
| Methodist University Library Wenchi Faculty | Methodist University Library Wenchi Faculty | 03/05/2019 | HF5001 .B81 | 31870 | Books | |||
| Methodist University Library Wenchi Faculty | Methodist University Library Wenchi Faculty | 03/05/2019 | HF5001 .B81 | 31869 | Books |